| 000 | 00685nam a2200181 i 4500 | ||
|---|---|---|---|
| 001 | 184557 | ||
| 003 | ES-MaACL | ||
| 005 | 20240529062954.0 | ||
| 008 | 151022s1963 uy |||| | spa d | ||
| 100 | 1 |
_aVega, Lope de, _d1562-1635 _9113563 |
|
| 245 | 1 | 0 |
_aFuenteovejuna ; Peribáñez y el comendador de Ocaña ; El caballero de Olmedo / _cLope de Vega. |
| 260 |
_aMontevideo : _bMinisterio de Instrucción Pública y Previsión Social, _c1963. |
||
| 300 |
_a230 p ; _c20 cm. |
||
| 490 | 1 |
_aColección de Autores de la Literatura Universal ; _v1 |
|
| 830 | 0 |
_aColección de Autores de la Literatura Universal ; _v1 _9225091 |
|
| 852 |
_aES-MaACL _jE-9997 |
||
| 999 |
_c184557 _d184557 |
||